| 000 | 00582nam a2200181Ia 4500 | ||
|---|---|---|---|
| 001 | 10885 | ||
| 005 | 20260306161905.0 | ||
| 008 | 260306t2011||||xx |||||||||||||| ||spa|| | ||
| 041 | _aESP | ||
| 082 |
_a980 _bP41 |
||
| 100 |
_aPena González, Miguel Anxo _eAUT |
||
| 245 | 0 |
_aEl mundo Iberoamericano antes y después de las independencias: _bactas del V simposio internacional del Instituto de Pensamiento Iberoamericano Salamanca, 20-23 de octubre de 2010 |
|
| 260 | _c2011 | ||
| 300 |
_a498 páginas : _c23 cm. |
||
| 650 | _aGEN | ||
| 654 | _aCHU | ||
| 942 |
_cLIB _dJUS _fJUS _2ddc _n |
||
| 999 |
_c10885 _d10885 |
||